Bygge- og angleggastatistikk 1977
Guardado en:
| Formato: | Libro |
|---|---|
| Lenguaje: | noruego |
| Publicado: |
Oslo
Statistikk Sentralbyró
1978
|
| Etiquetas: |
Sin Etiquetas, Sea el primero en etiquetar este registro!
|
MARC
| LEADER | 00000nam a2200000 4500 | ||
|---|---|---|---|
| 001 | 0222669 | ||
| 005 | 20240822101701.4 | ||
| 041 | 0 | |a nor | |
| 044 | |a NO | ||
| 245 | 1 | 0 | |a Bygge- og angleggastatistikk 1977 |
| 264 | 1 | |a Oslo |b Statistikk Sentralbyró |c 1978 | |
| 300 | |a 64 s. | ||